|
|
|
|
| LEADER |
00000cam a22000004a 4500 |
| 001 |
musev2_22600 |
| 003 |
MdBmJHUP |
| 005 |
20230905042414.0 |
| 006 |
m o d |
| 007 |
cr||||||||nn|n |
| 008 |
121011s2013 nyu o 00 0 eng d |
| 020 |
|
|
|a 9780823250233
|
| 020 |
|
|
|z 0823244725
|
| 020 |
|
|
|z 9780823244720
|
| 035 |
|
|
|a (OCoLC)859686949
|
| 040 |
|
|
|a MdBmJHUP
|c MdBmJHUP
|
| 245 |
0 |
0 |
|a Later Medieval Metaphysics :
|b Ontology, Language, and Logic /
|c edited by Charles Bolyard and Rondo Keele.
|
| 250 |
|
|
|a 1st ed.
|
| 264 |
|
1 |
|a New York :
|b Fordham University Press,
|c 2013.
|
| 264 |
|
3 |
|a Baltimore, Md. :
|b Project MUSE,
|c 2013
|
| 264 |
|
4 |
|c ©2013.
|
| 300 |
|
|
|a 1 online resource (328 pages).
|
| 336 |
|
|
|a text
|b txt
|2 rdacontent
|
| 337 |
|
|
|a computer
|b c
|2 rdamedia
|
| 338 |
|
|
|a online resource
|b cr
|2 rdacarrier
|
| 490 |
0 |
|
|a Medieval philosophy
|
| 505 |
0 |
|
|a Duns Scotus on metaphysics as the science of first entity / Reba Wood -- Aquinas vs. Buridan on essence and existence / Gyula Klima -- The form of corporeity and potential and aptitudinal being in Dietrich von Freiberg's Defense of the doctrine of the unity of substantial form / Brian Francis Conolly -- Accidents on Scotus's Metaphysics commentary / Charles Bolyard -- Avicenna Latinus on the ontology of types and tokens / Martin Tweedale -- Universal thinking as process: the metaphysics of change and identity in John Buridan's intellectio theory / Jack Zupko -- Can God know more?: a case study in later medieval discussions of propositions / Susan Brower-Towland -- The power of medieval logic / Terence Parsons -- Iteration and infinite regress in Walter Chatton's metaphysics / Rondo Keele -- Analogy and metaphor from Thomas Aquinas to Duns Scotus and Walter Burley / E. Jennifer Ashworth.
|
| 546 |
|
|
|a English.
|
| 588 |
|
|
|a Description based on print version record.
|
| 650 |
|
7 |
|a Medeltidsfilosofi.
|2 sao
|
| 650 |
|
7 |
|a Metafysik
|x historia.
|2 sao
|
| 650 |
|
7 |
|a Metaphysik
|2 gnd
|
| 650 |
|
7 |
|a Ontology.
|2 fast
|0 (OCoLC)fst01045995
|
| 650 |
|
7 |
|a Metaphysics.
|2 fast
|0 (OCoLC)fst01018304
|
| 650 |
|
7 |
|a RELIGION
|x Christianity
|x History.
|2 bisacsh
|
| 650 |
|
7 |
|a ontology (metaphysics)
|2 aat
|
| 650 |
|
7 |
|a ontologies (vocabularies)
|2 aat
|
| 650 |
|
6 |
|a Ontologie.
|
| 650 |
|
6 |
|a Metaphysique
|v Ouvrages avant 1800.
|
| 650 |
|
0 |
|a Ontology.
|
| 650 |
|
0 |
|a Metaphysics
|v Early works to 1800.
|
| 655 |
|
7 |
|a Early works.
|2 fast
|0 (OCoLC)fst01411636
|
| 655 |
|
7 |
|a Electronic books.
|2 local
|
| 700 |
1 |
|
|a Keele, Rondo,
|d 1968-
|
| 700 |
1 |
|
|a Bolyard, Charles,
|e editor
|4 http://id.loc.gov/vocabulary/relators/edt
|0 http://id.loc.gov/authorities/names/n2012065829
|
| 710 |
2 |
|
|a Project Muse.
|e distributor
|
| 830 |
|
0 |
|a Book collections on Project MUSE.
|
| 856 |
4 |
0 |
|z Texto completo
|u https://projectmuse.uam.elogim.com/book/22600/
|
| 945 |
|
|
|a Project MUSE - Custom Collection
|
| 945 |
|
|
|a Project MUSE - 2013 Philosophy and Religion
|
| 945 |
|
|
|a Project MUSE - 2013 Complete
|